[Event "MTO"]
[Site "Biel SUI"]
[Date "2004.07.26"]
[Round "7"]
[White "Papa,S"]
[Black "Cherniaev,A1"]
[Result "0-1"]
[WhiteElo "2397"]
[BlackElo "2500"]

1.e4 c5 2.Nf3 Nc6 3.Nc3 Nf6 4.Bb5 Qc7 5.O-O Nd4 6.Re1 a6 7.e5 Nxb5 8.exf6 gxf6
9.Ne4 Bg7 10.d4 Nxd4 11.Nxd4 cxd4 12.Qxd4 O-O 13.Ng3 d6 14.Qh4 Kh8 15.Bd2 Rg8
16.Bc3 Be6 17.Nh5 Bf8 18.Nf4 Qd7 19.Nxe6 fxe6 20.Qh3 Qa4 21.Qxe6 Qxc2 22.Qd7 Qg6
23.Qxb7 Rb8 24.Qf3 Rb5 25.g3 Rf5 26.Qb7 e5 27.Rad1 Qh5 28.Rd2 Qh6 29.Qg2 Rh5
30.Rd5 Rh3 31.Ra5 Qh5 32.Rxa6 f5 33.f4 Bg7 34.Rxd6 exf4 35.Bxg7+ Kxg7 36.Rd7+ Kh8
37.Rd3 fxg3 38.Rxg3 Rhxg3 39.hxg3 f4 40.Qh2 Rxg3+  0-1

[Event "Politiken Cup"]
[Site "Copenhagen DEN"]
[Date "2004.07.26"]
[Round "4"]
[White "Schmied,A"]
[Black "Mortensen,H"]
[Result "1/2-1/2"]
[WhiteElo "2106"]
[BlackElo "2018"]

1.e4 c5 2.Nf3 Nc6 3.Nc3 e5 4.Bc4 Be7 5.O-O d6 6.h3 h6 7.d3 Nf6 8.Nh2 O-O
9.f4 exf4 10.Bxf4 Ne5 11.Bb3 Ng6 12.Be3 Be6 13.Qe2 d5 14.exd5 Nxd5 15.Nxd5 Bxd5
16.Rae1 Bxb3 17.axb3 Qd7 18.Qh5 b6 19.Ng4 Bg5 20.Bxg5 hxg5 21.Qxg5 Qd4+ 22.Kh1 Rae8
23.Rxe8 Rxe8 24.h4 Re6 25.h5 Nf8 26.Qf5 Qd7 27.Ne5 Qe7 28.Nf3 Rf6 29.Qg4 Qe2
30.Rc1 Ne6 31.Qe4 Nf4 32.Qxe2 Nxe2 33.Re1 Ng3+ 34.Kg1 Kf8 35.Re5 Rh6 36.Kf2 Nxh5
37.d4 Nf6 38.Kg1 cxd4  1/2-1/2

[Event "MTO"]
[Site "Biel SUI"]
[Date "2004.07.27"]
[Round "8"]
[White "Tseshkovsky,V"]
[Black "Wells,P"]
[Result "1-0"]
[WhiteElo "2588"]
[BlackElo "2494"]

1.e4 c5 2.Nc3 Nc6 3.Nf3 d6 4.d4 cxd4 5.Nxd4 Nf6 6.f3 e5 7.Nb3 Be7 8.Be3 O-O
9.Qd2 a5 10.Bb5 Na7 11.Be2 Nc6 12.a3 a4 13.Nc1 Be6 14.N1a2 d5 15.exd5 Nxd5
16.Nxd5 Bxd5 17.Nc3 Be6 18.Qxd8 Rfxd8 19.Bb6 Rdc8 20.O-O-O Na5 21.Nd5 Bg5+
22.Kb1 Nc4 23.Bxc4 Rxc4 24.Nc7 Rc8 25.Nxe6 fxe6 26.c3 e4 27.fxe4 Rxe4 28.Rd7 Re2
29.g3 h5 30.Rxb7 e5 31.h4 Bh6 32.Bc7 Rf8 33.c4 Re4 34.Bd6 Rf3 35.c5 Rc4 36.Rb4  1-0

[Event "MTO"]
[Site "Biel SUI"]
[Date "2004.07.27"]
[Round "8"]
[White "Kosintseva,N"]
[Black "Brodsky,M"]
[Result "1-0"]
[WhiteElo "2415"]
[BlackElo "2548"]

1.e4 c5 2.Nc3 Nc6 3.Bb5 Nd4 4.Bc4 e6 5.Nf3 Ne7 6.Nxd4 cxd4 7.Ne2 Nc6 8.d3 g6
9.O-O Bg7 10.Bf4 d6 11.Qd2 h6 12.c3 dxc3 13.Nxc3 a6 14.a4 b6 15.Rac1 Bb7
16.Ba2 Ne7 17.d4 Kf8 18.d5 e5 19.Be3 g5 20.a5 bxa5 21.Na4 Bf6 22.Bb6 Qe8
23.Qxa5 Nc8 24.Bc7 Qb5 25.Bc4 Qxa5 26.Bxa5 Kg7 27.Bd3 Bd8 28.Bxd8 Rxd8 29.Rc7 Rb8
30.Rfc1 Kf8 31.R1c3 Ne7 32.Nb6 Ke8 33.Kf1 Ba8 34.Nc4 Bxd5 35.Rxe7+ Kxe7 36.exd5 Rdc8
37.Na5 Rxc3 38.bxc3 Rb2 39.Bxa6 f5 40.Nc4 Ra2 41.Bc8 f4 42.Bf5 g4 43.Bxg4 Rc2
44.Bf5 Rxc3 45.Nd2 Ra3 46.Ke2 Ra2 47.Bb1 Rb2 48.Kd3 Rb5 49.Ba2 Ra5 50.Bb3 Ra1
51.Ke4 Rh1 52.h3 Rc1 53.Bc4 Rc2 54.Kd3 Rc1 55.Ke2 Rg1 56.Kf3 Rd1 57.Nb3 Kf6
58.Be2 Rb1 59.Nd2 Rb4 60.Ne4+ Ke7 61.g3 Rd4 62.gxf4 Rxd5 63.fxe5 Rxe5 64.Kf4 Ra5
65.Ke3 Ra3+ 66.Bd3 Ke6 67.Kd4 Ra4+ 68.Bc4+ Kf5 69.Nc3 Rb4 70.Nd5 Rb2 71.Ke3 Kg5
72.Kf3 Rc2 73.Ne3 Rd2 74.Kg3 Rd4 75.Bd5 Rb4 76.Ng2 Rd4 77.f4+ Kf6 78.Ne3 Rd3
79.Kf3 Ra3 80.Be4  1-0

[Event "Politiken Cup"]
[Site "Copenhagen DEN"]
[Date "2004.07.28"]
[Round "6"]
[White "Malmdin,N"]
[Black "Ekeberg,C"]
[Result "1-0"]
[WhiteElo "2187"]
[BlackElo "2298"]

1.e4 c5 2.Nf3 Nc6 3.Nc3 e5 4.Bc4 d6 5.d3 Be7 6.a3 Nf6 7.Ng5 O-O 8.f4 Bg4
9.Qd2 exf4 10.h3 Bh5 11.Qxf4 h6 12.Nf3 Bxf3 13.Qxf3 Nd4 14.Qf2 Nh5 15.O-O Bh4
16.Qd2 Ng3 17.Rf2 Nh5 18.Rf1 Ng3 19.Rf2 Kh7 20.Qd1 f5 21.Be3 Bg5 22.Nd5 Bxe3
23.Nxe3 f4 24.Ng4 f3 25.gxf3 h5 26.c3 Nc6 27.Kg2 Qh4 28.f4 g5 29.Nh2 gxf4
30.Nf3 Qe7 31.h4 Ne5 32.Ng5+ Kh6 33.Bd5 Rf6 34.Qd2 Raf8 35.d4 cxd4 36.cxd4 Ng4
37.Rxf4 Rxf4 38.Kxg3 Kg6 39.e5 dxe5 40.Ne6 R8f6 41.dxe5 Qxe6 42.exf6 Qe3+
43.Qxe3 Nxe3 44.Kxf4 Nxd5+ 45.Ke5 Nxf6 46.Rg1+ Ng4+ 47.Ke6  1-0

[Event "12th GM"]
[Site "Lippstadt GER"]
[Date "2004.07.28"]
[Round "5"]
[White "Wehmeier,S"]
[Black "Buhmann,R"]
[Result "1-0"]
[WhiteElo "2364"]
[BlackElo "2532"]

1.e4 c5 2.Nc3 Nc6 3.Nge2 Nf6 4.d4 cxd4 5.Nxd4 e5 6.Ndb5 d6 7.Bg5 a6 8.Na3 b5
9.Nd5 Be7 10.Bxf6 Bxf6 11.c3 O-O 12.Nc2 Rb8 13.Bd3 Bg5 14.O-O Be6 15.a4 bxa4
16.Ncb4 Bxd5 17.Nxd5 Rxb2 18.Bxa6 Ne7 19.Rxa4 Nxd5 20.Qxd5 g6 21.Bc4 Qc7
22.g3 Kh8 23.Rb4 Rd2 24.Rb7 Qd8 25.Qb5 Qf6 26.Be2 h5 27.h4 Bxh4 28.gxh4 Qxh4
29.Bf3 Qg5+ 30.Bg2 h4 31.Qd7 Rd3 32.Qe7 Qxe7 33.Rxe7 h3 34.Bh1 Kg7 35.Rc1 Kf6
36.Rc7 Kg5 37.c4 Kf4 38.Rd7 Rd4 39.Rc3 f5 40.Rf3+ Kg5 41.Rg3+ Kf6 42.exf5 gxf5
43.Bd5 e4 44.Rxh3 Rd1+ 45.Kg2 Ke5 46.Rh6 Rd2 47.Rhxd6 Rb8 48.Re6+ Kf4 49.Rf7 Rbb2
50.Bxe4 Rxf2+ 51.Kg1 Kg5 52.Re5 Kh4 53.Rexf5 Rfe2 54.Rh7+ Kg4 55.Rg7+ Kh4
56.Rf4+  1-0

[Event "Skanska Open"]
[Site "Pardubice CZE"]
[Date "2004.07.28"]
[Round "6"]
[White "Turov,M"]
[Black "Moroz,A"]
[Result "1/2-1/2"]
[WhiteElo "2536"]
[BlackElo "2498"]

1.e4 c5 2.Nc3 Nc6 3.Bb5 Nd4 4.Bc4 e6 5.Nf3 a6 6.Nxd4 cxd4 7.Ne2 Bc5 8.Bb3 Ne7
9.Ng3 O-O 10.Qh5 d6 11.O-O Ng6 12.d3 Qh4 13.Qxh4 Nxh4 14.f4 Ng6 15.f5 Ne5
16.h3 Bd7 17.Bd2 b5 18.Nh5 b4 19.Bf4 Rfe8 20.g4 a5 21.Bxe5 dxe5 22.Bc4 Rab8
23.Kf2 Rb6 24.f6 g6 25.Ng3 h6 26.Ke2 Rc8 27.Rg1 a4 28.g5 Bb5 29.b3 Bxc4 30.bxc4 h5
31.Nf1 Kf8 32.Nd2 Ke8 33.Nf3 Bd6 34.Rab1 Rbb8 35.Rb2 Kd7 36.Rgb1 Kc6 37.Kd1 Rd8
38.Kc1 Rdc8 39.Nd2 Bc5 40.a3 b3 41.cxb3 Bxa3 42.Ra1 Bxb2+ 43.Kxb2 axb3 44.Nf3 Ra8
45.Nxe5+ Kc5 46.Rxa8 Rxa8 47.Kxb3 Ra7 48.Nf3 Rd7 49.Kc2 Rb7 50.h4 Ra7 51.Kb2 Rd7
52.Kc1 Kd6 53.Kc2 e5 54.Nd2 Ra7 55.Kb2 Kc5 56.Nf3 Rb7+ 57.Kc2 Kd6 58.Nd2 Ra7
59.Kb2 Ra8 60.Nb3 Kc6  1/2-1/2

[Event "ch-AUT"]
[Site "Hartberg AUT"]
[Date "2004.07.29"]
[Round "6"]
[White "Neubauer,M"]
[Black "Miniboeck,G"]
[Result "1/2-1/2"]
[WhiteElo "2429"]
[BlackElo "2345"]

1.e4 c5 2.Nc3 Nc6 3.Nf3 e5 4.Bc4 d6 5.d3 Be7 6.Nd2 Nf6 7.Nf1 Bg4 8.f3 Be6
9.Ne3 O-O 10.O-O Rb8 11.a4 Nb4 12.f4 exf4 13.Rxf4 d5 14.exd5 Nbxd5 15.Nexd5 Nxd5
16.Nxd5 Bxd5 17.Bd2 Bxc4 18.Rxc4 Qd5 19.Bc3 Rfe8 20.Re4 Bf8 21.Rxe8 Rxe8
22.Qf1 Re6 23.Re1 g6 24.Rxe6 Qxe6 25.Qe1 Qxe1+ 26.Bxe1 f5 27.Kf2 Kf7 28.Kf3 h5
29.h3 Ke6  1/2-1/2

[Event "ch-AUT"]
[Site "Hartberg AUT"]
[Date "2004.07.29"]
[Round "6"]
[White "Druckenthaner,A"]
[Black "Schmidlechner,A"]
[Result "1/2-1/2"]
[WhiteElo "2290"]
[BlackElo "2212"]

1.e4 c5 2.Nf3 Nc6 3.Nc3 e5 4.g3 g6 5.Bg2 Bg7 6.O-O Nge7 7.d3 O-O 8.Be3 d6
9.Qd2 Rb8 10.Bh6 Bxh6 11.Qxh6 f6 12.Nd1 Be6 13.Ne3 d5 14.Nh4 d4 15.Nd5 Nxd5
16.exd5 Bxd5 17.Nxg6 hxg6 18.Qxg6+ Kh8  1/2-1/2

[Event "ch-AUT"]
[Site "Hartberg AUT"]
[Date "2004.07.29"]
[Round "6"]
[White "Wallner,J"]
[Black "Gerhold,M"]
[Result "0-1"]
[WhiteElo "2319"]
[BlackElo "2203"]

1.e4 c5 2.Nf3 Nc6 3.Nc3 g6 4.d4 cxd4 5.Nxd4 Bg7 6.Be3 Nf6 7.Bc4 d6 8.Qd2 Ng4
9.Nxc6 bxc6 10.Bg5 Qa5 11.O-O h6 12.Bf4 O-O 13.Nd5 Qd8 14.Ne3 Nf6 15.f3 Nh5
16.Nd1 Nxf4 17.Qxf4 d5 18.Bd3 e5 19.Qd2 Be6 20.Kh1 f5 21.Nc3 Rb8 22.b3 Rf7
23.Rad1 Qa5 24.a4 Qc5 25.Nb1 Rbf8 26.Qc3 Qd6 27.Nd2 fxe4 28.fxe4 Bg4 29.Rde1 Rf2
30.Nf3 R8xf3  0-1

[Event "2nd North Urals Cup"]
[Site "Krasnoturinsk RUS"]
[Date "2004.07.29"]
[Round "6"]
[White "Galliamova,A"]
[Black "Kovalevskaya,E"]
[Result "1/2-1/2"]
[WhiteElo "2490"]
[BlackElo "2470"]

1.e4 c5 2.Nf3 Nc6 3.Nc3 e5 4.Bc4 Be7 5.d3 d6 6.Nd2 Nf6 7.Nf1 Bg4 8.f3 Be6
9.Ne3 O-O 10.O-O Ne8 11.Ncd5 Nc7 12.a3 Bg5 13.f4 exf4 14.Nxf4 Ne5 15.Ba2 Bxf4
16.Rxf4 Ng6 17.Rf1 Bxa2 18.Rxa2 d5 19.exd5 Nxd5 20.Qf3 Nxe3 21.Bxe3 b6 22.b4 Rc8
23.bxc5 bxc5 24.Rb2 Rc7 25.Rb5 Qe7 26.Bf2 Rfc8 27.Bg3 Rc6 28.Rb8 Qd7 29.Rfb1 Rxb8
30.Rxb8+ Nf8 31.h3 f6 32.Kh2 Rb6 33.Qa8 Rxb8 34.Bxb8 Ne6 35.Bxa7+ Kf7 36.Bb8 Nd4
37.Qa7 Qe7 38.c4 Nc6 39.Qxe7+ Kxe7 40.Bg3 Nd4 41.a4 Nb3 42.Bf2 Kd6 43.Be3 Kc6
44.Kg3 Kb6 45.Kf4 Ka5 46.Kf5 Kxa4 47.Ke6 Kb4 48.Kf7 Kc3 49.Kxg7 Kxd3 50.Bh6 Na5
51.Kxh7 Nxc4 52.Kg6 Ne3 53.Bg7 Nxg2 54.Kf5 c4  1/2-1/2

[Event "3rd Asean GM"]
[Site "Bangkok THA"]
[Date "2004.07.30"]
[Round "1"]
[White "Yu Shaoteng"]
[Black "Myo Naing"]
[Result "1-0"]
[WhiteElo "2476"]
[BlackElo "2477"]

1.e4 c5 2.Nc3 Nc6 3.Bb5 Nd4 4.Bc4 d6 5.Nf3 Nf6 6.h3 e6 7.O-O Be7 8.d3 d5
9.Bb3 Nxb3 10.axb3 dxe4 11.dxe4 Qxd1 12.Rxd1 O-O 13.e5 Nd7 14.Ne4 Rd8 15.Bg5 f6
16.exf6 gxf6 17.Bh4 b6 18.Nd6 Nf8 19.Nxc8 Rxd1+ 20.Rxd1 Rxc8 21.Ne5 Rc7 22.Nc4 Rd7
23.Rxd7 Nxd7 24.Bg3 e5 25.f4 exf4 26.Bxf4 Kf7 27.g4 Ke6 28.Ne3 Bd6 29.Bxd6 Kxd6
30.Kf2 Ke6 31.Kf3 Ne5+ 32.Ke4 Nf7 33.Kf4 Nd6 34.Nc4 Nb5 35.c3 Nc7 36.Ne3 Ne8
37.Nf5 Nc7 38.h4 Nd5+ 39.Ke4 Nc7 40.Ng7+ Kf7 41.Nh5 Ke6 42.Nf4+ Kf7 43.Nd3 Ke6
44.b4 cxb4 45.Nxb4 Nb5 46.Nc6 Nd6+ 47.Kf4 Nc4 48.b3 Nd2 49.Nxa7 Nxb3 50.Nc8 Nc1
51.Ke3 Na2 52.c4 Nb4 53.Nxb6 Nc6 54.Kf4 Ne5 55.Kg3 Nd3 56.Nd5 Ke5 57.Ne7 Ke6
58.Nf5 Ke5 59.Ng7 Ke4 60.Nh5 Ke5 61.Kf3 Nc5 62.Ke3 Nd7 63.Nf4 f5 64.g5 Nf8
65.h5 Nd7 66.Nd3+ Ke6 67.Kf4 Nb6 68.Ne5 Na4 69.h6 Nc5 70.g6 Kf6 71.gxh7  1-0

[Event "MTO"]
[Site "Biel SUI"]
[Date "2004.07.30"]
[Round "11"]
[White "Ciric,Dr"]
[Black "Brodsky,M"]
[Result "1/2-1/2"]
[WhiteElo "2159"]
[BlackElo "2548"]

1.e4 c5 2.Nf3 Nc6 3.Nc3 d6 4.d4 cxd4 5.Nxd4 Nf6 6.Bc4 e6 7.Be3 a6 8.Bb3 Na5
9.f4 Qc7 10.f5 Nxb3 11.axb3 Rb8 12.fxe6 fxe6 13.O-O Be7 14.h3 O-O 15.Qd3 Bd7
16.b4 Rfc8 17.b5 Qd8 18.bxa6 bxa6 19.Ra2 a5 20.b3 Qc7 21.Ncb5 Qb7 22.Rxa5 Qxe4
23.Qxe4 Nxe4 24.c4 Rb7 25.Ra6 g6 26.Na7 Ra8 27.Rfa1 Bf6 28.Nac6 Rxa6 29.Rxa6 Bxd4
30.Bxd4 Bxc6 31.Rxc6 Rxb3 32.Rc8+ Kf7 33.Rc7+ Ke8 34.Rxh7 e5 35.Ba7 Rb4 36.Rg7 Rxc4
37.Rxg6 Kf7 38.Rh6 Nf6 39.Bf2 Kg7 40.Rh4 Ne4 41.Rg4+ Kf7 42.Be3 d5 43.h4 Rc3
44.Ba7 Nf6 45.Ra4 Rd3 46.Kf2 d4 47.Ke2 Re3+ 48.Kd1 Re4 49.Kd2 Rxh4 50.Bxd4 exd4
51.Kd3 Rg4 52.Rxd4 Rxg2 53.Rd6 Kg6 54.Ra6 Kf5 55.Ra5+ Kf4 56.Ra8 Rg3+ 57.Kd4 Re3
58.Rf8 Re6 59.Kd3 Rd6+ 60.Kc4 Rc6+ 61.Kd3 Rc7 62.Rh8 Rd7+ 63.Kc4 Rd6 64.Kc5 Ne4+
65.Kb5 Nc3+ 66.Kc5 Ne4+ 67.Kb4 Rb6+ 68.Kc4 Rc6+  1/2-1/2

[Event "Politiken Cup"]
[Site "Copenhagen DEN"]
[Date "2004.07.30"]
[Round "8"]
[White "Sadvakasov,D"]
[Black "Nilssen,J"]
[Result "1-0"]
[WhiteElo "2626"]
[BlackElo "2414"]

1.e4 c5 2.Nf3 Nc6 3.Nc3 e5 4.Bc4 Be7 5.d3 Nf6 6.Ng5 O-O 7.f4 exf4 8.Bxf4 d5
9.exd5 Nd4 10.O-O b5 11.d6 Bxd6 12.Bxd6 Qxd6 13.Nce4 Qe5 14.Nf3 Qf4 15.Nxd4 Qe3+
16.Kh1 Nxe4 17.Bxf7+ Rxf7 18.Rxf7 Kxf7 19.Qh5+ Kf8 20.dxe4 Qxd4 21.Rd1 Qc4
22.Rd8+ Ke7 23.Qg5+ Ke6 24.Qf5+ Ke7 25.Qf8+ Ke6 26.Qf4  1-0

[Event "12th Open"]
[Site "St Affrique FRA"]
[Date "2004.07.30"]
[Round "8"]
[White "Petrossian,Arm"]
[Black "Degraeve,JM"]
[Result "0-1"]
[WhiteElo "2329"]
[BlackElo "2530"]

1.e4 c5 2.Nc3 Nc6 3.Bb5 Nd4 4.Nf3 Nxb5 5.Nxb5 a6 6.Nc3 e6 7.O-O b5 8.d4 cxd4
9.Qxd4 Bb7 10.Bg5 f6 11.Bh4 Rc8 12.Bg3 Bc5 13.Qd3 Ne7 14.Rad1 e5 15.a3 d6
16.Kh1 O-O 17.Nd2 Qc7 18.f3 Rfd8 19.Nd5 Bxd5 20.exd5 f5 21.Bh4 Rf8 22.Bxe7 Qxe7
23.b4 Bd4 24.c4 Qb7 25.f4 g6 26.fxe5 dxe5 27.d6 bxc4 28.Nxc4 Qb5 29.Rc1 Rfd8
30.a4 Qxb4 31.Nxe5 Rxc1 32.Rxc1 Rxd6 33.Nc4 Rd8 34.Rd1 Bf6 35.Nd6  0-1

[Event "ch-AUT"]
[Site "Hartberg AUT"]
[Date "2004.07.31"]
[Round "8"]
[White "Srienz,C"]
[Black "Karner,C"]
[Result "0-1"]
[WhiteElo "2256"]
[BlackElo "2364"]

1.e4 c5 2.Nc3 Nc6 3.Bb5 Nd4 4.Bc4 g6 5.Nf3 Bg7 6.Nxd4 cxd4 7.Qf3 Nh6 8.d3 O-O
9.Ne2 Ng4 10.Bb3 d6 11.O-O Ne5 12.Qg3 Nc6 13.Qh4 Bd7 14.Bh6 e6 15.Bg5 f6
16.Bh6 Qe7 17.f4 Bxh6 18.Qxh6 Kh8 19.Rae1 Rae8 20.Qh4 e5 21.Rf2 Be6 22.Ref1 Bxb3
23.axb3 Kg7 24.g4 Nd8 25.Qg3 g5 26.fxg5 fxg5 27.Rf5 Ne6 28.Qe1 Nf4 29.Ng3 Kh8
30.Qb4 Qc7 31.Qc4 Qd7 32.Qb4 Rc8 33.Rxf8+ Rxf8 34.Nf5 Rc8 35.Qxd6 Qxd6 36.Nxd6 Rxc2
37.Nf7+ Kg7 38.Nxe5 Rg2+ 39.Kh1 Rxb2 40.Nf3 Ne6 41.Ne5 Rxb3 42.Rf7+ Kg8 43.Re7 Nf4
44.h4 Ng6 45.Re8+ Kg7 46.h5 Nxe5 47.Rxe5 Rxd3 48.Re7+ Kh6 49.Kg2 a5 50.Rxb7 a4
51.Ra7 a3 52.Kf2 Rd2+ 53.Kf3 Rd3+ 54.Kf2 Rd2+ 55.Kf3 a2 56.e5 Rb2 57.Ke4 Rg2
58.Kf3 d3 59.Kxg2 d2 60.Rd7 a1=Q 61.Rxd2 Qxe5 62.Rf2 Qe4+ 63.Kg3 Kg7 64.Rf1 Qe3+
65.Rf3 Qg1+ 66.Kh3 Qh1+ 67.Kg3 Qh4+  0-1

[Event "Politiken Cup"]
[Site "Copenhagen DEN"]
[Date "2004.08.01"]
[Round "10"]
[White "Nilsson,N"]
[Black "Lauridsen,M"]
[Result "0-1"]
[WhiteElo "2140"]
[BlackElo "2040"]

1.e4 c5 2.Ne2 Nc6 3.Nbc3 e5 4.d3 h6 5.g3 d6 6.Bg2 Be7 7.O-O f5 8.Nd5 Nf6
9.Nec3 O-O 10.Nxf6+ Bxf6 11.Nd5 Ne7 12.Nxf6+ Rxf6 13.f4 exf4 14.gxf4 Ng6
15.Qh5 Rb8 16.Bd2 Nf8 17.Bc3 Rf7 18.e5 d5 19.d4 cxd4 20.Bxd4 Ne6 21.Bxa7 Ra8
22.Be3 d4 23.Rad1 Qb6 24.Bc1 Rxa2 25.Kh1 Bd7 26.Rd3 Bc6 27.Rg3 Bxg2+ 28.Rxg2 Qc6
29.Qf3 Ra1 30.Qxc6 bxc6 31.Kg1 Rfa7 32.Kf2 c5 33.Ke2 Rxc1 34.Rxc1 Nxf4+ 35.Kf3 Nxg2
36.Kxg2 Kf7 37.c3 d3 38.Kf3 Ke6 39.Ke3 Rd7 40.b4 d2 41.Rd1 cxb4 42.cxb4 Kxe5
43.Rxd2  0-1

[Event "Open"]
[Site "Kavala GRE"]
[Date "2004.08.02"]
[Round "4"]
[White "Belov,Vl"]
[Black "Kapnisis,S"]
[Result "1-0"]
[WhiteElo "2532"]
[BlackElo "2429"]

1.e4 c5 2.Nf3 Nc6 3.Nc3 e5 4.Bc4 d6 5.d3 Be7 6.O-O Nf6 7.h3 O-O 8.a3 h6 9.Ba2 Be6
10.Nd5 Bxd5 11.exd5 Nb8 12.Nh4 Ne8 13.Nf5 Bg5 14.Be3 Kh7 15.b4 g6 16.Ng3 Nd7
17.bxc5 Bxe3 18.fxe3 dxc5 19.Rb1 Rb8 20.c3 Nd6 21.Ne4 Qe7 22.Qa4 Nxe4 23.dxe4 Qd6
24.Qxa7 b6 25.Qa4 Rbc8 26.Bc4 Nf6 27.Qc2 Kg7 28.a4 h5 29.Rb2 Rb8 30.Qb1 h4
31.Be2 Qc7 32.c4 Rfd8 33.Bd3 Ne8 34.Qe1 Qe7 35.Qf2 Nd6 36.Ra1 Rh8 37.Rb3 Qc7
38.Rab1 Qa7 39.Qb2 Qe7 40.Rxb6 Ra8 41.Ra1 Ra5 42.Qc3 Rha8 43.Bc2 Kh6 44.Rab1 R5a6
45.Rxa6 Rxa6 46.a5 Qg5 47.Rb6 Rxa5 48.Rxd6 Qg3 49.Qxa5 Qxe3+ 50.Kf1  1-0

[Event "IV Mario Covas"]
[Site "Santos BRA"]
[Date "2004.08.02"]
[Round "3"]
[White "Rodriguez,And URU"]
[Black "Morovic Fernandez,I"]
[Result "1/2-1/2"]
[WhiteElo "2567"]
[BlackElo "2573"]

1.e4 c5 2.Nc3 Nc6 3.Nge2 e6 4.g3 Nf6 5.Bg2 a6 6.O-O Qc7 7.d4 cxd4 8.Nxd4 Bc5
9.Nxc6 dxc6 10.Qe2 e5 11.Be3 Bg4 12.f3 Bxe3+ 13.Qxe3 Be6 14.Na4 Rd8 15.Rfd1 O-O
16.Qb6 Qxb6+  1/2-1/2

[Event "ch-GBR"]
[Site "Scarborough ENG"]
[Date "2004.08.02"]
[Round "1"]
[White "Radovanovic,J"]
[Black "Quinn,M"]
[Result "0-1"]
[WhiteElo "2205"]
[BlackElo "2406"]

1.e4 c5 2.Nc3 Nc6 3.Nge2 g6 4.d4 cxd4 5.Nxd4 Bg7 6.Be3 Nf6 7.Bc4 O-O 8.Bb3 a5
9.a4 Ng4 10.Qxg4 Nxd4 11.Qd1 Nxb3 12.cxb3 Ra6 13.O-O d6 14.f4 f5 15.b4 axb4
16.Qb3+ Kh8 17.Qxb4 Qa5 18.Qb3 fxe4 19.Nxe4 Qf5 20.Ng5 h6 21.Nf3 Qe6 22.Qa3 Bd7
23.a5 Qe4 24.Rae1 Qd5 25.Bb6 Rf7 26.Rf2 Ra8 27.Rfe2 Re8 28.h3 Bc6 29.Re6 Qh5
30.Nd4 Bd7 31.R6e4 Qd5 32.Qg3 e5 33.Qxg6 Ref8 34.fxe5 dxe5 35.Nf3 Bf5 36.Rxe5 Qd3
37.Qh5 Bg6 38.Qg4 Rf4 39.Qg3 Bxe5 40.Nxe5 Qxg3  0-1

[Event "ch-Arab"]
[Site "Dubai UAE"]
[Date "2004.08.03"]
[Round "1"]
[White "Hakki,I"]
[Black "Khairallah,F"]
[Result "1-0"]
[WhiteElo "2451"]
[BlackElo "2283"]

1.e4 c5 2.Nc3 Nc6 3.Nf3 Nf6 4.d4 cxd4 5.Nxd4 d6 6.Bg5 e6 7.Qd2 a6 8.O-O-O Bd7
9.f4 h6 10.Bh4 Nxe4 11.Qe1 Nf6 12.Nf5 Qa5 13.Nxd6+ Bxd6 14.Rxd6 O-O-O 15.Rd1 g5
16.fxg5 hxg5 17.Bg3 Nh5 18.Bd6 Ng7 19.h3 Be8 20.g4 Bd7 21.Bg2 Ne8 22.Bh2 Rh6
23.Rf1 f5 24.gxf5 exf5 25.Nd5 f4 26.Ne7+ Kc7 27.Rxf4 gxf4 28.Bxf4+ Rd6 29.Qg3 Qc5
30.Nd5+ Kc8 31.Be3 Rxd5 32.Rxd5 Qf8 33.Bb6 Be6 34.Rxd8+ Nxd8 35.Qc3+ Kd7
36.b3 Nc6 37.Bc5 Qf4+ 38.Kb2 Qf6 39.Bxc6+ bxc6 40.Bd4 Qf5 41.h4 Nc7 42.Be5 Nd5
43.Qg3 Nb4 44.Qh2 Nxc2 45.Qd2+ Bd5 46.Bc3 Qh3 47.Qxc2 Qxh4 48.Qe2 Qe4 49.Qxa6 Qg2+
50.Ka3 Qg3 51.Qa7+ Qc7 52.Qg1 Qb7 53.Qg7+ Kc8 54.Qf8+ Kd7 55.Qf5+ Ke8 56.Kb2 Qf7
57.Qc8+ Ke7 58.Bb4+ Kf6 59.Bc3+ Ke7 60.Qb7+ Ke6 61.Qb6 Qf3 62.a4 Kd7 63.Qb7+ Ke6
64.Qc8+ Kd6 65.Qd8+ Ke6 66.Qe8+ Kd6 67.Be5+ Kc5 68.Qe7+ Kb6 69.Bd4+ c5 70.Qxc5+ Kb7
71.Qb6+ Kc8 72.Qc5+ Kb7 73.Qe7+ Kc6 74.Qe8+ Kb7 75.Qd7+ Kb8 76.Be5+ Ka8 77.Qc8+ Ka7
78.Bd4+  1-0

[Event "Open"]
[Site "Kavala GRE"]
[Date "2004.08.03"]
[Round "5"]
[White "Skaperdas,K"]
[Black "Dobrov,V"]
[Result "0-1"]
[WhiteElo "2217"]
[BlackElo "2495"]

1.e4 c5 2.Nf3 Nc6 3.Nc3 g6 4.Bb5 Bg7 5.Bxc6 dxc6 6.h3 Nf6 7.d3 Nd7 8.Be3 b6
9.O-O Nf8 10.Qd2 h6 11.Nh2 e5 12.f4 exf4 13.Rxf4 Ne6 14.Rf2 Nd4 15.a4 a5
16.Raf1 Qe7 17.Ne2 Nxe2+ 18.Qxe2 Be6 19.Ng4 f5 20.exf5 gxf5 21.Nh2 O-O-O
22.b4 axb4 23.a5 Bd5 24.Qd2 Rde8 25.Bf4 bxa5 26.Nf3 Bc3 27.Qc1 a4 28.Bd2 Bf6
29.c4 Bxf3 30.Rxf3 Rhg8 31.Kh1 Bd4 32.Bxh6 Qe2 33.g3 a3 34.Qf4 a2 35.Qxf5+ Qe6  0-1

[Event "IV Mario Covas"]
[Site "Santos BRA"]
[Date "2004.08.03"]
[Round "4"]
[White "Zarnicki,P"]
[Black "Zambrana,O"]
[Result "1/2-1/2"]
[WhiteElo "2521"]
[BlackElo "2472"]

1.e4 c5 2.Nc3 Nc6 3.Bb5 g6 4.Bxc6 dxc6 5.d3 Bg7 6.Be3 b6 7.Qd2 e5 8.h3 Be6
9.O-O-O Nf6 10.Bh6 Bxh6 11.Qxh6 Qe7 12.f4 exf4 13.Qxf4 O-O-O 14.Nf3 h6 15.Rhf1 g5
16.Qe3 Kb7 17.d4 g4 18.hxg4 Nxg4 19.Qf4 cxd4 20.Nxd4 Rhg8 21.e5 Qg5 22.Qxg5 Rxg5
23.Nf3 Rxd1+ 24.Rxd1 Rg8 25.Re1 c5 26.b3 Kc6 27.Kd2 a6 28.Ne4 b5 29.a3 a5
30.Kc3 Rd8  1/2-1/2

[Event "Open"]
[Site "Kavala GRE"]
[Date "2004.08.04"]
[Round "6"]
[White "Shavtvaladze,N"]
[Black "Gelashvili,T"]
[Result "1/2-1/2"]
[WhiteElo "2439"]
[BlackElo "2573"]

1.e4 c5 2.Nc3 Nc6 3.Bb5 Nd4 4.Bc4 g6 5.Nf3 Bg7 6.Nxd4 cxd4 7.Qf3 Nh6 8.Ne2 O-O
9.d3 Ng4 10.Qg3 Nf6 11.Nxd4 Nxe4 12.dxe4 Bxd4 13.O-O d6 14.c3 Bg7 15.Bg5 Be6
16.Bxe6 fxe6 17.Rad1 Rf7 18.Be3 Qa5 19.a3 Qb5 20.Rd2 a5 21.Bd4 Bh6 22.Be3 Bxe3
23.Qxe3 Raf8 24.f3 Rf4 25.Rdf2 e5 26.g3 R4f7 27.Kg2 Qb3 28.h4 h5 29.Qa7 a4
30.Qe3 Kh7 31.Qg5 Rf6 32.Qd2 Kg7 33.Rd1 Rc8 34.Rdf1 Qc4 35.Rd1 Rc5 36.Re1 Kf7
37.Rd1 Ke8 38.Qe2 Qxe2 39.Rxe2 Kd7 40.Kf2 Kc6 41.Ke3 Kb5 42.Rg1 Rc8 43.Rd1 b6
44.Rf2 Kc4 45.Rd5 Rc5 46.Rd1 Kb3 47.Rdd2 Kc4 48.Rg2 Rc8 49.Rg1 Rg8 50.g4 Rgf8
51.Rf2 Rf4 52.gxh5 gxh5 53.Rg7 R8f7 54.Rg8 Rxh4 55.Rc8+ Kb5 56.c4+ Ka6 57.Rc7 Rg7
58.Kd3 Rf4 59.Kc3 b5 60.Kb4 bxc4 61.Rxc4 Kb7 62.Kxa4 Rf8 63.Rfc2 e6 64.Rc6 Rd7
65.Kb5 Rxf3 66.Rb6+ Ka7 67.Ra6+ Kb8 68.Rb6+ Rb7 69.Kc6 Rxb6+ 70.Kxb6 h4 71.Rg2 Rf8
72.Kc6 Rf4 73.Kxd6 Rxe4 74.Kxe6 h3 75.Rh2 Re3 76.Kf5 Kc7 77.Kg4 Rb3 78.Kf5  1/2-1/2

[Event "ch-GBR"]
[Site "Scarborough ENG"]
[Date "2004.08.04"]
[Round "3"]
[White "Mycroft,R"]
[Black "Muir,A"]
[Result "0-1"]
[WhiteElo "2110"]
[BlackElo "2328"]

1.e4 c5 2.Nf3 Nc6 3.Nc3 d6 4.Bb5 Bd7 5.d4 cxd4 6.Nxd4 Nf6 7.O-O e6 8.f4 Be7
9.Kh1 O-O 10.Be3 a6 11.Bxc6 Bxc6 12.Nxc6 bxc6 13.Qd3 d5 14.e5 Nd7 15.Rae1 c5
16.Na4 Qa5 17.b3 c4 18.Qd4 Rac8 19.f5 cxb3 20.cxb3 Qb4 21.Re2 Rc6 22.g4 Rfc8
23.Kg2 Nxe5 24.fxe6 fxe6 25.Nb6 Rd8 26.Nc4 Nxc4 27.bxc4 Rxc4 28.Qe5 Re4 29.Qc7 Rxg4+
30.Kh3 Rh4+ 31.Kg2 Qg4+ 32.Kh1 Qxe2 33.Rg1 Qf3+ 34.Rg2 Rg4 35.Qc2 d4 36.Bxd4 Qxg2+
37.Qxg2 Rxg2  0-1

[Event "It"]
[Site "Charleroi BEL"]
[Date "2004.08.05"]
[Round "7"]
[White "Hautot,S"]
[Black "Terrieux,K"]
[Result "0-1"]
[WhiteElo "2336"]
[BlackElo "2248"]

1.e4 c5 2.Nf3 Nc6 3.Nc3 Nf6 4.d4 cxd4 5.Nxd4 e5 6.Ndb5 d6 7.Bg5 a6 8.Na3 Be6
9.Nc4 Rc8 10.Nd5 Bxd5 11.exd5 Ne7 12.Bxf6 gxf6 13.c3 f5 14.g3 Rc5 15.Ne3 Bh6
16.Qa4+ Kf8 17.Qh4 Bxe3 18.fxe3 Rg8 19.Bh3 Qb6 20.O-O-O Rb5 21.Qh6+ Ke8 22.Rd2 Rg6
23.Qh5 Qxe3 24.Rd1 Rh6  0-1

[Event "ch-Arab"]
[Site "Dubai UAE"]
[Date "2004.08.05"]
[Round "3"]
[White "Hakki,I"]
[Black "Belkhodja,S"]
[Result "1/2-1/2"]
[WhiteElo "2451"]
[BlackElo "2463"]

1.e4 c5 2.Nf3 Nc6 3.Nc3 e5 4.Bc4 Be7 5.d3 Nf6 6.Ng5 O-O 7.f4 d5 8.Nxd5 Nxd5
9.Bxd5 exf4 10.h4 Bxg5 11.hxg5 Qxg5 12.O-O Bg4 13.Bxf4 Qh5 14.Qd2 Nd4 15.Rae1 Rad8
16.Rf2 b6 17.c3 Ne6 18.Bh2 Rxd5 19.exd5 Qxd5 20.Re4 h5 21.c4 Qd7 22.Be5 Rd8
23.Re3 Qe7 24.Bc3 a5 25.Re5 f6 26.Re4 Qf7 27.Qe3 Rd7 28.d4 cxd4 29.Bxd4 Ng5
30.Re8+ Kh7 31.Qd3+ f5 32.Re5 Qg6 33.Qe3 Bf3 34.Rxf3 Nxf3+ 35.Qxf3 Rxd4 36.Rxf5 Rg4
37.Rd5 Qb1+ 38.Qd1 Qxb2  1/2-1/2

[Event "ch-GBR"]
[Site "Scarborough ENG"]
[Date "2004.08.05"]
[Round "4"]
[White "Tan,D"]
[Black "Burrows,M"]
[Result "1-0"]
[WhiteElo "2335"]
[BlackElo "2226"]

1.e4 c5 2.Nc3 Nc6 3.Bb5 Nd4 4.Bc4 e6 5.Nf3 Nf6 6.O-O a6 7.d3 d5 8.exd5 exd5
9.Nxd5 Nxd5 10.Nxd4 cxd4 11.Qh5 Be6 12.Re1 Nc7 13.Bxe6 Nxe6 14.Rxe6+ Be7
15.Re2 O-O 16.Bd2 Bf6 17.Bb4 Re8 18.Rae1 Rxe2 19.Qxe2 h6 20.Be7 Bxe7 21.Qxe7 Qb6
22.b3 Rc8 23.Re2 Qc6 24.h3 b5 25.Kh2 Rf8 26.Qe4 Qd7 27.g3 Rc8 28.Qe5 Kh8
29.Kg2 Kg8 30.g4 Kh8 31.Kg3 Kg8 32.f4 f6 33.Qe4 Kh8 34.h4 Qd6 35.Qf5 Rf8
36.Qe6 Qa3 37.Qe7 Qxe7 38.Rxe7 Rc8 39.Re2 b4 40.Kf2 Rc5 41.Kf3 Rc8 42.Re6 a5
43.Ra6 h5 44.gxh5 f5 45.Rxa5 Rxc2 46.Rxf5 Rxa2 47.Rb5 Rh2 48.Rxb4 Rxh4 49.Rxd4 Rxh5
50.b4 Kg8 51.Re4 Rd5 52.Ke3 Kf7 53.Kd2 g5 54.fxg5 Rxg5 55.Kc3 Rg1 56.b5 Rc1+
57.Kb4 Rd1 58.Kc4 Rc1+ 59.Kd5 Rc3 60.d4 Rc1 61.b6 Rc2 62.Re5  1-0